| 000 | 00844 a2200265 4500 | ||
|---|---|---|---|
| 999 |
_c200131213 _d4231 |
||
| 001 | 200131213 | ||
| 003 | TR-AnTOB | ||
| 005 | 20231218120721.0 | ||
| 008 | 140116s2013 tu 000 0 | ||
| 020 | _a9786050201932 | ||
| 040 |
_aTR-AnTOB _beng _erda _cTR-AnTOB |
||
| 041 | _atur | ||
| 050 |
_aB132.V3 _bC6619 2012 |
||
| 090 |
_aB132.V3 _bC6619 2012 |
||
| 100 |
_aCoomaraswamy, Ananda K. _914018 |
||
| 245 | 1 | 0 |
_aDoğu bilgeliği : _bkılavuz kitap / _cAnanda K. Coomaraswamy ; Rene Guenon, Surendranath Dasgupta ; çev. Ahmet Aydoğan ; ed. Derya Önder. |
| 264 | 1 |
_aİstanbul: _bSay Yayınları, _c2012 |
|
| 300 |
_a152 s. ; _c21 cm. |
||
| 490 | 0 |
_aSay Yayınları Doğu Bilgeliği Dizisi ; _v1 |
|
| 650 | 0 | 7 |
_aHindu philosophy _2etuturkob _995353 |
| 650 | 0 | 0 |
_aYoga _995355 |
| 650 | 0 | 0 |
_aVedanta _995356 |
| 942 |
_cBK _2lcc |
||